| 000 -LEADER |
| fixed length control field |
02019 a2200349 4500 |
| 003 - CONTROL NUMBER IDENTIFIER |
| control field |
OSt |
| 005 - DATE AND TIME OF LATEST TRANSACTION |
| control field |
20180116192406.0 |
| 008 - FIXED-LENGTH DATA ELEMENTS--GENERAL INFORMATION |
| fixed length control field |
120613t xxu||||| |||| 00| 0 eng d |
| 010 ## - LIBRARY OF CONGRESS CONTROL NUMBER |
| LC control number |
99052186 |
| 020 ## - INTERNATIONAL STANDARD BOOK NUMBER |
| International Standard Book Number |
0865475571 (alk. paper) |
| 020 ## - INTERNATIONAL STANDARD BOOK NUMBER |
| International Standard Book Number |
9780865477506 |
| 040 ## - CATALOGING SOURCE |
| Transcribing agency |
0 |
| 082 00 - DEWEY DECIMAL CLASSIFICATION NUMBER |
| Classification number |
307.760973 |
| 100 1# - MAIN ENTRY--PERSONAL NAME |
| Personal name |
Duany, Andres. |
| 9 (RLIN) |
4617 |
| 245 10 - TITLE STATEMENT |
| Title |
Suburban nation : |
| Remainder of title |
the rise of sprawl and the decline of the American Dream / |
| Statement of responsibility, etc. |
Andres Duany, Elizabeth Plater-Zyberk, and Jeff Speck. |
| 250 ## - EDITION STATEMENT |
| Edition statement |
1st ed. |
| 260 ## - PUBLICATION, DISTRIBUTION, ETC. |
| Place of publication, distribution, etc. |
New York : |
| Name of publisher, distributor, etc. |
North Point Press, |
| Date of publication, distribution, etc. |
c2000. |
| 300 ## - PHYSICAL DESCRIPTION |
| Extent |
xiv, [294] p. : |
| Other physical details |
ill. ; |
| Dimensions |
21 cm. |
| 505 8# - FORMATTED CONTENTS NOTE |
| Formatted contents note |
Machine generated contents note: Introduction ix -- What Is Sprawl, and Why? 3 -- z The Devil Is in the Details 21 -- 3 The House That Sprawl Built 39 -- 4 The Physical Creation of Society 59 -- 5 The American Transportation Mess 85 -- 6 Sprawl and the Developer 99 -- 7 TheVictims of Sprawl 115 -- 8 The Cityand the Region i35 -- 9 'he Inner City 153 -- lo Howto Make a Town 83 -- ii What Is to Be Done 215 -- Appendix A: The Traditional Neighborhood -- Development Checklist 245 -- Appendix B: The Congress for the New Urbanism 253 -- Acknowledgments 263 -- Notes 267 -- Bibliography 269 -- Sources of Illustrations 277 -- Index 279. |
| 650 10 - SUBJECT ADDED ENTRY--TOPICAL TERM |
| Topical term or geographic name entry element |
Urbanization |
| Geographic subdivision |
United States. |
| 9 (RLIN) |
4618 |
| 650 10 - SUBJECT ADDED ENTRY--TOPICAL TERM |
| Topical term or geographic name entry element |
Suburbs |
| Geographic subdivision |
United States. |
| 9 (RLIN) |
4619 |
| 650 10 - SUBJECT ADDED ENTRY--TOPICAL TERM |
| Topical term or geographic name entry element |
Community development, Urban |
| Geographic subdivision |
United States. |
| 9 (RLIN) |
4620 |
| 650 10 - SUBJECT ADDED ENTRY--TOPICAL TERM |
| Topical term or geographic name entry element |
Urban renewal |
| Geographic subdivision |
United States. |
| 9 (RLIN) |
4621 |
| 650 10 - SUBJECT ADDED ENTRY--TOPICAL TERM |
| Topical term or geographic name entry element |
Urban policy |
| Geographic subdivision |
United States. |
| 9 (RLIN) |
4622 |
| 700 2# - ADDED ENTRY--PERSONAL NAME |
| Personal name |
Plater-Zyberk, Elizabeth. |
| 9 (RLIN) |
4623 |
| 700 2# - ADDED ENTRY--PERSONAL NAME |
| Personal name |
Speck, Jeff. |
| 9 (RLIN) |
4624 |
| 856 42 - ELECTRONIC LOCATION AND ACCESS |
| Materials specified |
Contributor biographical information |
| Uniform Resource Identifier |
<a href="http://www.loc.gov/catdir/bios/hol056/99052186.html">http://www.loc.gov/catdir/bios/hol056/99052186.html</a> |
| 856 42 - ELECTRONIC LOCATION AND ACCESS |
| Materials specified |
Publisher description |
| Uniform Resource Identifier |
<a href="http://www.loc.gov/catdir/description/hol057/99052186.html">http://www.loc.gov/catdir/description/hol057/99052186.html</a> |
| 856 42 - ELECTRONIC LOCATION AND ACCESS |
| Materials specified |
Table of contents |
| Uniform Resource Identifier |
<a href="http://www.loc.gov/catdir/toc/fy02/99052186.html">http://www.loc.gov/catdir/toc/fy02/99052186.html</a> |
| 942 ## - ADDED ENTRY ELEMENTS (KOHA) |
| Institution code [OBSOLETE] |
SADA |
| Koha item type |
Book |
| Call number prefix |
307.760973 DUA 2000 |
| Source of classification or shelving scheme |
|
| 952 ## - LOCATION AND ITEM INFORMATION (KOHA) |
| -- |
BOOK |